00828nam a2200241Ia 4500003000400000005001700004008004100021020001500062040001800077041000800095082002100103100002800124245006100152250001200213260005100225300002900276650001800305650003400323650003600357942003000393999001900423952014400442OSt20240814142930.0210716s2001 xx 000 0 und d a007136241X cAIMIT LIBRARY aeng a374.22 21bVISK aViselman, Kenn.9177359 aEight giant steps to global domination /cKenn Viselman. a1st ed. aNew York :bMc Graw Hill Book Company ,c2001. axxiii,181p. ;bHBc23 cm aFocus9177360 aManaging expectations9177361 aBe a non-traditionalist9177362 2ddccBKe1stk374.22 VISK c199555d199555 00102ddc40708MBAaAIMITbAIMITd2005-10-10iBill no:; Bill dt:1900-01-00l0o374.22 VISKpMBA02120r2026-05-23 00:00:00w2021-07-16yBK